000 00274nam a2200085Ia 4500
008 220120s9999||||xx |||||||||||||| ||und||
100 _aAUDARYA SARKAR and NITHYA M P
_912181
245 0 _aUSB Host aideo video controller
260 _aCoorg Institute of Technology
_bPonnampet
_c2009
999 _c137767
_d137767